[Event "31st open TETEVEN"]
[Site "Teteven"]
[Date "2016.08.13"]
[Round "1.19"]
[White "Mladenov, Emil"]
[Black "Georgiev, Nikolay Zh."]
[Result "1-0"]
[WhiteElo "2012"]
[BlackElo "1537"]
[PlyCount "75"]
[EventDate "2016.08.13"]
[EventType "swiss"]
[EventRounds "9"]
[EventCountry "BUL"]

1. g3 e5 2. Bg2 f5 3. d4 ({RR} 3. e4 Nf6 4. exf5 ({RR} 4. d4 exd4 5. e5 Ng4 6.
Nf3 Nc6 7. O-O Bc5 8. h3 O-O 9. hxg4 fxg4 10. Ng5 Nxe5 11. Bd5+ Kh8 12. Kg2 c6
13. Nxh7 cxd5 14. Rh1 Kg8 15. b4 Bxb4 16. Qxd4 Qb6 17. Qxd5+ Rf7 18. Be3 Qc6 {
Thoroddsen,A (1611)-Nicholson,J (1808)/Reykjavik 2015/CBM 165 Extra/0-1}) 4...
Bc5 5. Nf3 O-O 6. O-O e4 7. Ng5 h6 8. Nxe4 Nxe4 9. Bxe4 d5 10. Bg2 Nc6 11. d4
Bb6 12. Nc3 Rxf5 13. Be3 Be6 14. Na4 Qd7 15. c3 Rf7 16. Re1 Ne7 17. b3 Raf8 {
Blatny,P (2486)-Langner,L (2398)/Czechia 2003/EXT 2004/1-0 (39)}) 3... e4 4. c4
Nf6 5. Nh3 $146 ({RR} 5. Nc3 d5 ({RR} 5... Be7 6. f3 exf3 7. Nxf3 O-O ({RR} 
7... Ne4 8. Nxe4 fxe4 9. Nd2 d5 10. cxd5 Qxd5 11. e3 Bb4 12. O-O Bxd2 13. Bxd2
Bf5 14. Rxf5 Qxf5 15. Qb3 Nd7 16. Rf1 Qg6 17. Qxb7 Rb8 18. Qxc7 Qb6 19. Qf4 Nf6
20. Qe5+ Kf7 21. Bxe4 Rhe8 22. Bd5+ {
Weber,S (2315)-Thiede,L/Berlin West 1988/TD/1-0}) 8. O-O d6 9. d5 c5 10. Ng5
Ne8 11. Ne6 Bxe6 12. dxe6 Nc6 13. Nd5 Qc8 14. e4 Qxe6 15. exf5 Rxf5 16. Nf4
Qxc4 17. Bd5+ Rxd5 18. Qxd5+ Qxd5 19. Nxd5 Bf6 20. Kg2 {
Petran,P (2433)-Kasanicky,R (2188)/Slovakia 1999/EXT 2001/1-0 (35)}) 6. cxd5
Nxd5 7. Nh3 c6 8. O-O Be7 9. f3 exf3 10. Bxf3 Nf6 11. Bf4 O-O 12. Qb3+ Kh8 13.
Ng5 Qe8 14. e4 h6 15. Ne6 Bxe6 16. Qxe6 fxe4 17. Nxe4 Nxe4 18. Qxe4 Bf6 19.
Rad1 Qxe4 {Smejkal,L-Kokes,B/Hlinsko 1993/EXT 1997/1-0}) 5... g6 6. O-O Bg7 7.
Nc3 d6 8. Bg5 O-O 9. Qd2 Be6 10. b3 Qd7 11. Bh6 Bxh6 12. Qxh6 Qg7 13. Qxg7+
Kxg7 14. Nf4 Bg8 15. h4 c6 16. Rfd1 Na6 17. e3 Rfe8 18. Bf1 Nc7 19. b4 Rad8 20.
a4 h6 21. c5 g5 22. cxd6 Rxd6 23. hxg5 hxg5 24. Nfe2 Bc4 25. Rdc1 Bd3 26. b5
cxb5 27. Nxe4 fxe4 28. Rxc7+ Rd7 29. Rxd7+ Nxd7 30. axb5 Bxb5 31. Rxa7 Ba6 32.
Nc3 Bxf1 33. Kxf1 Nf6 34. Rxb7+ Kg6 35. Rb6 Kf7 36. Nb5 Rd8 37. Nd6+ Kg6 38.
Nxe4 1-0

[Event "31st open TETEVEN"]
[Site "Teteven"]
[Date "2016.08.13"]
[Round "1.21"]
[White "Arnaudov, Petar D."]
[Black "Sapareva, Magdalena"]
[Result "1-0"]
[WhiteElo "1989"]
[BlackElo "1513"]
[PlyCount "39"]
[EventDate "2016.08.13"]
[EventType "swiss"]
[EventRounds "9"]
[EventCountry "BUL"]

1. e4 e5 2. Nf3 Nc6 3. Bb5 d6 4. d4 exd4 5. Qxd4 Bd7 6. Bxc6 Bxc6 7. Nc3 Qf6 8.
Qd3 h6 9. Be3 Ne7 ({RR} 9... Qg6 10. O-O-O Nf6 11. Rhe1 Be7 12. Nh4 Qg4 13. Nf5
Bd8 14. h3 Qg6 15. e5 dxe5 16. Bc5 Nd7 17. Ba3 Bg5+ 18. Kb1 O-O-O 19. h4 Bf6
20. Be7 Rde8 21. h5 Qg5 22. Ne4 Qxh5 23. Bxf6 gxf6 24. Ng7 {
Larsen,U (2005)-Hindseth,T/Helsingor 2015/CBM 167 Extra/1-0 (43)}) 10. O-O-O
Ng6 11. Rhf1 $146 ({RR} 11. Nd5 Bxd5 ({RR} 11... Qd8 12. Bd4 Qc8 13. h4 Qd8 14.
h5 Ne7 15. Rhe1 Kd7 16. Nxe7 Qxe7 17. e5 d5 18. e6+ fxe6 19. Ne5+ Kc8 20. Ng6
Qg5+ 21. f4 Qxh5 22. Nxh8 Bd7 23. Qg6 Qh4 24. g3 Qe7 25. f5 c5 26. fxe6 {
Schmidt,M (1900)-Motullo,J (1752)/Germany 2002/EXT 2003/1-0}) 12. exd5 Be7 13.
Qb5+ Kf8 14. Qxb7 Rd8 15. Qxa7 Kg8 16. Qd4 Qf5 17. Qd3 Qd7 18. h4 Qa4 19. Qb3
Qa6 20. Nd4 Bf6 21. f4 Nxh4 22. Nc6 Ra8 23. Bd4 Bxd4 24. Nxd4 Ng6 25. a3 Kh7 {
Becham,K (2122)-Roser,L (1882)/Caleta 2014/CBM 159/1-0 (39)}) ({RR} 11. Bd4 Ne5
12. Qe2 a6 13. Nd5 Bxd5 14. exd5 Qf4+ 15. Kb1 f6 16. Nxe5 fxe5 17. g3 Qf7 18.
f4 O-O-O 19. fxe5 dxe5 20. Bxe5 Bd6 21. Bc3 Rd7 22. Rhf1 Qg6 23. Qe6 Qh5 24.
Rde1 Qxh2 25. Bxg7 Bxg3 {Montes de Oca,J-Della,N/San Fernando 1993/EXT 1998/1-0
}) 11... a6 12. Nd4 Ne5 13. Qe2 Bd7 14. f4 Bg4 15. fxe5 Bxe2 16. exf6 Bxd1 17.
Rxd1 gxf6 18. Nd5 O-O-O 19. Nf5 Re8 20. Nxf6 1-0

[Event "31st open TETEVEN"]
[Site "Teteven"]
[Date "2016.08.13"]
[Round "1.23"]
[White "Boev, Viktor"]
[Black "Mihailidou, Magdalini"]
[Result "1-0"]
[WhiteElo "1976"]
[BlackElo "1466"]
[PlyCount "87"]
[EventDate "2016.08.13"]
[EventType "swiss"]
[EventRounds "9"]
[EventCountry "BUL"]

1. e4 e5 2. Nf3 Nc6 3. d4 exd4 4. Bc4 Bc5 5. c3 Nf6 6. cxd4 Bb4+ 7. Bd2 Nxe4 8.
Bxb4 Nxb4 9. Bxf7+ Kxf7 10. Qb3+ d5 11. Qxb4 Re8 12. O-O Kg8 ({RR} 12... a5 13.
Qb3 a4 14. Qb4 Qd6 15. Qxd6 Nxd6 16. Nc3 c6 17. Rfe1 Rxe1+ 18. Rxe1 Nc4 19.
Ne5+ Nxe5 20. Rxe5 Be6 21. a3 Ke7 22. f3 Kd6 23. Re2 b6 24. Kf2 Ra5 25. h3 Ra8
26. f4 Rf8 27. Ke3 {
Steil Antoni,F (2194)-Gozzoli,Y (2523)/La Massana 2013/CBM 155 Extra/0-1 (41)})
13. Nc3 a5 ({RR} 13... b6 14. Rfe1 c5 15. Qb3 c4 16. Qc2 Bf5 17. Nd2 Nd6 18.
Qd1 Be6 19. Qh5 Bf7 20. Qg4 Qf6 21. Nf3 Nf5 22. Ne5 Be6 23. Qf4 a6 24. Re2 b5
25. Rae1 b4 26. Nd1 Rac8 27. Qd2 a5 28. h3 {
Borchert,L (1829)-Quante,L (2007)/Willingen 2015/CBM 166 Extra/0-1 (48)}) 14.
Qb3 Nxc3 15. Qxc3 $146 ({RR} 15. bxc3 Ra6 16. Rae1 ({RR} 16. Rfe1 Rae6 17. Re5
c6 18. Rae1 Qd6 19. Qc2 h6 20. Qb3 Rxe5 21. Nxe5 Qf6 22. c4 dxc4 23. Qxc4+ Be6
24. Qc2 Rd8 25. Nf3 Bd5 26. Ne5 Rd6 27. f3 Qf4 28. Qb2 b5 29. a3 Rf6 30. Nd7
Re6 {Newey,R (1815)-Steger,A (2041)/San Francisco 2013/EXT 2016/0-1 (52)})
16... Rae6 17. Ne5 b5 18. f4 Ba6 19. Rf3 Qh4 20. g3 Qd8 21. Rfe3 Qd6 22. f5
R6e7 23. Qc2 Bc8 24. Qf2 Qf6 25. g4 c5 26. Qf3 Bb7 27. Qf4 g5 28. Qg3 Qb6 29.
Nd7 Rxe3 {Schippers,M (1797)-Gunther,J (1492)/Rijswijk 2005/EXT 2013/1-0 (67)})
15... Ra6 16. Rfe1 Ree6 17. Rxe6 Bxe6 18. Qd2 Qf6 19. Rc1 c6 20. Re1 Ra8 21.
Qg5 Qxg5 22. Nxg5 Bf7 23. Re7 Re8 24. Rxe8+ Bxe8 25. Kf1 h6 26. Ne6 b5 27. Ke2
Kf7 28. Nc5 a4 29. Ke3 Ke7 30. f4 Kf6 31. g4 g5 32. f5 h5 33. h3 h4 34. Kd3 Ke7
35. Kc3 Kf7 36. Kb4 Ke7 37. Ka5 Kd6 38. Kb6 Bf7 39. Ne6 Bxe6 40. fxe6 Kxe6 41.
Kxc6 b4 42. Kc5 b3 43. a3 Ke7 44. Kxd5 1-0

[Event "31st open TETEVEN"]
[Site "Teteven"]
[Date "2016.08.13"]
[Round "1.31"]
[White "Andreev, Dobrotich"]
[Black "Banev, Simeon"]
[Result "1-0"]
[WhiteElo "1914"]
[BlackElo "1429"]
[PlyCount "45"]
[EventDate "2016.08.13"]
[EventType "swiss"]
[EventRounds "9"]
[EventCountry "BUL"]

1. e4 d5 2. Nf3 dxe4 3. Ng5 Nf6 4. Bc4 e6 5. Nc3 h6 ({RR} 5... a6 6. Ncxe4 Nxe4
7. Nxe4 c5 8. d3 b5 9. Bb3 Bb7 10. Qf3 Nc6 11. Bg5 Qd7 12. O-O Nd4 13. Qg4 h6
14. Bf6 h5 15. Qh4 Nxb3 16. axb3 Qc6 17. f4 gxf6 18. Nxf6+ Kd8 19. Nd5+ Kc8 20.
Ne3 {Pessi,E (2355)-Nevednichy,B (2335)/Bucharest 1996/EXT 2001/0-1 (50)}) 6.
Ngxe4 Be7 ({RR} 6... Nxe4 7. Nxe4 Nc6 8. O-O a6 9. a4 Be7 10. c3 Ne5 11. Qe2
Nxc4 12. Qxc4 Qd5 13. Qe2 Bd7 14. d4 b5 15. a5 Bc6 16. f3 O-O-O 17. Bf4 g5 18.
Be5 Rhg8 19. Bf6 Qd7 20. Rad1 Bd5 21. Rfe1 {
Mihalecz,a (2050)-Bihari,V/Hungary 2015/EXT 2016/1-0 (45)}) 7. d4 $146 ({RR} 7.
O-O O-O 8. Nxf6+ Bxf6 9. Ne4 a6 10. Qf3 Be7 11. c3 Nc6 12. d4 Na5 13. Bd3 Rb8
14. Bxh6 gxh6 15. Qh5 f5 16. Qg6+ Kh8 17. Qxh6+ Kg8 18. Qg6+ Kh8 19. Rae1 Bh4
20. Re3 fxe4 21. Bxe4 Qe7 {
Orsoni,J (1850)-Rossi,P (1900)/Bastia 2002/EXT 2003/1-0}) 7... Nc6 8. Be3 Bb4
9. O-O Bxc3 10. Nxc3 O-O 11. Re1 Re8 12. Qd2 a6 13. Bd3 Ng4 14. Be4 Bd7 15. Bf4
Rc8 16. Bf3 Nf6 17. Ne4 Nd5 18. Bg3 Nce7 19. c4 Nb6 20. Nc5 Bc6 21. Nxb7 Qd7
22. Nc5 Nxc4 23. Qc3 1-0

[Event "31st open TETEVEN"]
[Site "Teteven"]
[Date "2016.08.13"]
[Round "1.32"]
[White "Vasilev, Vladislav"]
[Black "Nikolaev, Georgi"]
[Result "0-1"]
[WhiteElo "1429"]
[BlackElo "1903"]
[PlyCount "66"]
[EventDate "2016.08.13"]
[EventType "swiss"]
[EventRounds "9"]
[EventCountry "BUL"]

1. e4 e5 2. Nf3 Nc6 3. d4 exd4 4. Bc4 Nf6 5. Ng5 d5 6. exd5 Na5 7. Qxd4 Nxc4 8.
Qxc4 h6 9. Nf3 Nxd5 ({RR} 9... Qxd5 10. Qe2+ Be6 11. O-O Bd6 12. Nc3 Qc4 13.
Qxc4 Bxc4 14. Re1+ Kd7 15. Ne5+ Bxe5 16. Rxe5 Be6 17. Bf4 Rad8 18. Ree1 c6 19.
a4 Bf5 20. Rac1 Rhe8 21. Rxe8 Rxe8 22. f3 Kc8 23. Kf2 b6 24. h4 {
Fernandez Romero,E (2423)-Kuzmin,A (2567)/Andorra 2004/CBM 101 Extra/1/2 (46)})
10. O-O Be7 ({RR} 10... Nf6 11. Bf4 Bd6 12. Qa4+ Bd7 13. Re1+ Be7 14. Qa3 {
1-0 Golub,M (1581)-Shesterikov,E/Kstovo 2015/CBM 167 Extra}) 11. Rd1 c6 12. Ne5
$146 ({RR} 12. Nc3 Be6 13. Nxd5 Bxd5 14. Qg4 Qb6 15. Qxg7 O-O-O 16. Be3 Qc7 17.
Qg4+ Kb8 18. Bf4 Bd6 19. Bxd6 Rxd6 20. Qf4 Rg8 21. g3 Rgg6 22. Re1 Qd7 23. Nh4
Rgf6 24. Qe5 Rfe6 25. Qh8+ Kc7 26. Re5 Rxe5 {
Bering,A-Hjorth,J/Koge 1997/EXT 2000/1-0 (56)}) ({RR} 12. Qe2 Qc7 13. c4 Nf4
14. Qe4 Ne6 15. Nc3 O-O 16. Be3 Bd7 17. Ne5 f5 18. Rxd7 fxe4 19. Rxc7 Nxc7 20.
Nxe4 Rfe8 21. Ng6 Bb4 22. Ng3 Kh7 23. Nh4 Ne6 24. Nf3 Bc5 25. Bd2 Nd4 26. Ne1
Ne2+ {Da Silva,W (1843)-Pires,M (2144)/Sao Sebastiao 2013/EXT 2014/0-1 (62)}) (
{RR} 12. Qa4 O-O 13. Nc3 Nxc3 {
0-1 Clement,N (1940)-Barbini,D (2087)/Agneaux 2003/EXT 2004}) 12... O-O 13. Nc3
Be6 14. Nxd5 cxd5 15. Qb3 Qc7 16. Bf4 Bd6 17. Qg3 Rad8 18. Re1 Kh8 19. Qh4 Kh7
20. Rac1 Rg8 21. Qg3 Bf5 22. Nd3 d4 23. Be5 f6 24. Bxd6 Qxd6 25. Qxd6 Rxd6 26.
h3 Rc8 27. g4 Bg6 28. h4 Rdc6 29. Nb4 Rc4 30. c3 dxc3 31. bxc3 Rxg4+ 32. Kh2
Rxh4+ 33. Kg3 Rhc4 0-1

[Event "31st open TETEVEN"]
[Site "Teteven"]
[Date "2016.08.13"]
[Round "1.37"]
[White "Kamenov, Filip"]
[Black "Durhan, Batuhan"]
[Result "1-0"]
[WhiteElo "1874"]
[BlackElo "1287"]
[PlyCount "99"]
[EventDate "2016.08.13"]
[EventType "swiss"]
[EventRounds "9"]
[EventCountry "BUL"]

1. e4 e5 2. Nf3 Nc6 3. d4 exd4 4. Bc4 Nf6 5. e5 d5 6. Bb5 Nd7 7. O-O Be7 8. Re1
Nb6 9. Nxd4 Bd7 10. e6 fxe6 11. Nxe6 Bxe6 12. Rxe6 Qd7 13. Qe2 h6 14. Bd2 Nc8
15. Bb4 O-O 16. Bxc6 bxc6 17. Bxe7 Re8 18. Nd2 Rxe7 19. Re1 Rxe6 20. Qxe6+ Qxe6
21. Rxe6 Nd6 22. Re7 Rc8 23. Kf1 Kf8 24. Re3 Re8 25. Rc3 Rb8 26. b3 Rb6 27. Ke2
Ke7 28. f4 Kf6 29. g4 g6 30. Rh3 Kg7 31. Re3 Kf7 32. a4 Rb4 33. Kf3 Rd4 34. Rd3
Rxd3+ 35. cxd3 Ke6 36. Ke3 Nb7 37. Nf3 c5 38. d4 cxd4+ 39. Nxd4+ Kf6 40. Nc6
Nc5 41. Nxa7 Nxb3 42. Nc6 Nc5 43. a5 Ke6 44. Nb8 Nd7 45. Nxd7 Kxd7 46. a6 Kc8
47. f5 Kb8 48. fxg6 Ka7 49. g7 Kxa6 50. g8=Q 1-0

[Event "31st open TETEVEN"]
[Site "Teteven"]
[Date "2016.08.13"]
[Round "1.38"]
[White "Angelov, Stilian"]
[Black "Fil, Alkim Alper"]
[Result "0-1"]
[WhiteElo "1260"]
[BlackElo "1873"]
[PlyCount "156"]
[EventDate "2016.08.13"]
[EventType "swiss"]
[EventRounds "9"]
[EventCountry "BUL"]

1. e4 c5 2. Nf3 d6 3. c3 Nf6 4. e5 dxe5 5. Nxe5 Nbd7 6. Bb5 e6 7. d3 Be7 8. Bg5
Qc7 9. Bf4 Bd6 10. Nxd7 Bxd7 11. Bxd7+ Qxd7 12. Bg5 Be7 13. O-O Rd8 14. Qf3 Qd5
15. Qxd5 Rxd5 16. Bxf6 Bxf6 17. Rd1 O-O 18. Kf1 c4 19. d4 Rfd8 20. Na3 b5 21.
Nc2 R5d7 22. Re1 a5 23. a4 b4 24. cxb4 axb4 25. Nxb4 Rb8 26. Nc6 Rxb2 27. Reb1
c3 28. Rxb2 cxb2 29. Rb1 g6 30. Rxb2 Rd6 31. Rb6 Kg7 32. a5 Bxd4 33. Nxd4 Rxd4
34. Rb8 Ra4 35. Ra8 Kf6 36. a6 h5 37. a7 Ke7 38. Ke2 e5 39. f3 Ra2+ 40. Ke3 Kf6
41. h3 Kf5 42. g4+ hxg4 43. hxg4+ Kg5 44. Ke4 Ra5 45. Re8 f5+ 46. gxf5 gxf5+
47. Ke3 Ra3+ 48. Kf2 Rxa7 49. Rxe5 Kf4 50. Re2 Ra3 51. Kg2 Rd3 52. Rf2 Rd7 53.
Re2 Rg7+ 54. Kf2 Rg3 55. Re3 Rh3 56. Rc3 Rh2+ 57. Kg1 Rb2 58. Kf1 Kg3 59. Ke1
Rb7 60. Rc5 f4 61. Rc3 Kg2 62. Ke2 Re7+ 63. Kd2 Kf2 64. Kd1 Re3 65. Rc2+ Kxf3
66. Rh2 Kg3 67. Rh8 f3 68. Rg8+ Kf2 69. Rf8 Re6 70. Kd2 Rd6+ 71. Kc3 Ke2 72.
Re8+ Kf1 73. Rf8 f2 74. Kc4 Re6 75. Kd5 Re2 76. Kd4 Ke1 77. Kd3 f1=Q 78. Rxf1+
Kxf1 0-1

[Event "31st open TETEVEN"]
[Site "Teteven"]
[Date "2016.08.14"]
[Round "2.1"]
[White "Nikolov, Sasho"]
[Black "Andreev, Dobrotich"]
[Result "1-0"]
[WhiteElo "2359"]
[BlackElo "1914"]
[PlyCount "55"]
[EventDate "2016.08.13"]
[EventType "swiss"]
[EventRounds "9"]
[EventCountry "BUL"]

1. c4 Nf6 2. Nc3 e6 3. d4 d5 4. cxd5 exd5 5. Bg5 Be7 6. e3 c6 7. Qc2 Be6 8. Bd3
Nbd7 9. Nge2 a6 10. Nf4 c5 11. O-O c4 12. Be2 b5 13. Bf3 $146 ({RR} 13. a3 O-O
14. Rad1 Nb6 15. f3 Ne8 16. Bxe7 Qxe7 17. e4 Qg5 18. Nxe6 fxe6 19. e5 g6 20. g3
Ng7 21. f4 Qf5 22. Qd2 Rab8 23. Rf2 Nd7 24. Rdf1 a5 25. g4 Qf7 26. Na2 Ra8 27.
Bd1 Qe7 {Ahmed Ali Layth,A-Basim,H/Baghdad 2013/CBM 153 Extra/1-0 (42)}) 13...
Nb6 14. a4 b4 15. a5 bxc3 16. axb6 Qxb6 17. bxc3 Qd6 18. Qa4+ Bd7 19. Qa5 Bd8
20. Qa3 Qxa3 21. Rxa3 Be7 22. Ra5 Bd8 23. Ra2 Ne4 24. Bxd8 Rxd8 25. Nxd5 Bc6
26. Bxe4 Bxd5 27. Bxd5 Rxd5 28. Rxa6 1-0

[Event "31st open TETEVEN"]
[Site "Teteven"]
[Date "2016.08.14"]
[Round "2.2"]
[White "Nikolaev, Georgi"]
[Black "Danov, Lyubomir"]
[Result "0-1"]
[WhiteElo "1903"]
[BlackElo "2342"]
[PlyCount "60"]
[EventDate "2016.08.13"]
[EventType "swiss"]
[EventRounds "9"]
[EventCountry "BUL"]

1. e4 {Ribli} c5 2. Nf3 e6 3. d4 cxd4 4. Nxd4 a6 5. Nc3 b5 6. g3 Bb7 7. Bg2 Nf6
8. Qe2 ({RR} 8. O-O b4 9. Na4 Bxe4 10. Bxe4 Nxe4 11. Re1) ({RR} 8. Bg5) 8... d6
({RR} 8... Qb6 9. Be3 ({RR} 9. Nb3 d6 10. O-O Nbd7 11. a4 ({RR} 11. a3 Rc8 ({RR
} 11... Be7 12. Rd1 O-O 13. Bf4 Rac8 14. Rac1 Ne5 15. a4 Nc4) 12. Be3 Qc7 13.
Rad1 Ne5 14. Nd4 Be7 15. Bc1 O-O 16. f4 Nc6 17. Be3 Nxd4 18. Rxd4 Rfe8 19. Rfd1
Bf8) ({RR} 11. Be3) 11... b4 12. a5 Qc7 13. Na2 d5 14. Bf4 Qc4 15. Qxc4 dxc4
16. Nd2 Rc8 17. c3 bxc3 18. Nxc3 Ng4 19. Bf3 Nge5) 9... Bc5 10. O-O-O Nc6 11.
Nxc6 Bxc6 ({RR} 11... Bxe3+ 12. fxe3 dxc6 13. e5 Nd5 14. Ne4 O-O 15. Rhe1 Rad8
16. Nd6 Ba8 17. Rd4 Ne7 18. Rdd1 Ng6 19. Qh5 Qc5) 12. Bxc5 Qxc5 13. f4 Rc8 14.
Kb1 ({RR} 14. e5 Bxg2 15. Qxg2 b4 16. Ne4 ({RR} 16. Na4 Qe3+ 17. Kb1 ({RR} 17.
Qd2 Qxd2+ 18. Rxd2 Nd5) 17... Nd5) ({RR} 16. Rd3 Qc6 17. Qxc6 Rxc6 18. exf6
bxc3) 16... Nxe4 ({RR} 16... Qe3+ 17. Qd2 Qxd2+ ({RR} 17... Qxe4 18. exf6 d5
19. fxg7 Rg8 20. Rhe1 Qg6 21. Re5) 18. Nxd2 Nd5 19. Ne4 Ke7 20. Nd6 Rc6 21.
Rhe1) 17. Qxe4 Rc7) ({RR} 14. a3 a5 ({RR} 14... b4 15. axb4 Qxb4 16. e5 Bxg2
17. Qxg2 Ng4 18. Qe2)) 14... b4 15. Nd5 Bxd5 ({RR} 15... Nxd5 16. exd5 Bb5 17.
Qd2 O-O) 16. exd5 O-O 17. dxe6 ({RR} 17. d6 a5) 17... dxe6 18. Rd2 a5 19. Rhd1
({RR} 19. Qe5 Qa7 ({RR} 19... Qxe5 20. fxe5 Ng4)) 19... a4 20. Qe5 Qa7 ({RR} 
20... Qxe5 21. fxe5 Ng4 22. Rd4 Ne3 23. R1d2 Nc4 24. Re2 Rfd8 25. Rxd8+ Rxd8
26. Kc1) 21. h3 h6 22. g4 Rc5 23. Qd4 {
Smirin,I (2702)-Markowski,T (2524)/Moscow 2002/CBM 088/[Ribli]/0-1 (48)}) ({RR
} 8... Nc6 9. Nb3 d6 10. a3 Be7 11. O-O Qc7 12. f4 O-O 13. Be3 Rfe8 14. g4 g6
15. Rad1 Rac8 16. g5 Nh5 17. Bh3 Bf8 18. Qf2 Qd8 19. Nc5 Qe7 20. Nd3 Na5 21.
Rde1 Nc4 22. Bc1 Nxa3 23. f5 {
Nomin Erdene,D (2356)-Jovanovic,D (2396)/Kecskemet 2015/CBM 165 Extra/1-0 (35)}
) 9. O-O Nbd7 10. b3 $146 ({RR} 10. Re1 Ne5 ({RR} 10... Nb6 11. Bg5 e5 12. Bxf6
Qxf6 13. Ndxb5 Rc8 14. a4 Nc4 15. Na7 Rc7 16. Nd5 Qd8 17. Nxc7+ Qxc7 18. a5
Nxa5 19. Nb5 {
1-0 Berelowitsch,A (2563)-Stefansson,H (2562)/Rogaska Slatina 2011/CBM 145}) ({
RR} 10... e5) 11. f4 Qb6 12. Be3 Neg4 13. e5 dxe5 14. fxe5 Bxg2 15. Qxg2 Rc8
16. exf6 Nxe3 17. Qe4 Nxc2 18. Qxc2 Qxd4+ 19. Kg2 Qxf6 20. Qe4 Be7 21. Qb7 O-O
22. Rf1 Qg5 23. Rad1 Qc5 24. Rd7 Bf6 {
Miesbauer,J (1983)-Spal,M (2224)/Czechia 2013/EXT 2015/0-1 (39)}) 10... Rc8 11.
Bb2 Rc7 12. a4 bxa4 13. Nxa4 Qa8 14. f3 Be7 15. Rfd1 O-O 16. Ba3 Re8 17. Bb4
Bf8 18. g4 g6 19. c4 Qb8 20. Nc2 Rcc8 21. Rd2 d5 22. Bxf8 Nxf8 23. cxd5 exd5
24. Nb6 Rcd8 25. g5 dxe4 26. gxf6 exf3 27. Qf2 fxg2 28. Qh4 Rxd2 29. Qh6 Ne6
30. Qxd2 Nf4 0-1

[Event "31st open TETEVEN"]
[Site "Teteven"]
[Date "2016.08.14"]
[Round "2.3"]
[White "Todorov, Momchil"]
[Black "Krastev, Krasimir Ign."]
[Result "1-0"]
[WhiteElo "2304"]
[BlackElo "1900"]
[PlyCount "67"]
[EventDate "2016.08.13"]
[EventType "swiss"]
[EventRounds "9"]
[EventCountry "BUL"]

1. e4 d5 2. exd5 Nf6 3. Nf3 Nxd5 4. d4 Bg4 5. h3 Bh5 6. c4 Nb6 7. c5 Nd5 8. Qb3
b6 9. Ne5 c6 10. Nc3 e6 11. g4 Bg6 12. Bg2 $146 ({RR} 12. h4 Nxc3 13. bxc3 Be4
14. f3 Bd5 15. c4 f6 16. cxd5 fxe5 17. d6 Kf7 18. dxe5 Nd7 19. f4 Nxc5 20. Qc4
Qd7 21. Ba3 Nb7 22. Bg2 Rc8 23. f5 Nd8 24. O-O Ke8 25. Rad1 c5 26. Rd2 b5 {
Shapiro,Y-Ezhov,V (2077)/Novosibirsk 2002/CBM 089 Extra/1-0 (41)}) 12... Be7
13. O-O O-O 14. Nxd5 exd5 15. Be3 Bf6 16. f4 Be4 17. Bxe4 dxe4 18. Rfd1 h5 19.
Ng6 Re8 20. g5 Be7 21. Ne5 Qd5 22. cxb6 axb6 23. Qxb6 Qe6 24. Qb3 Bd6 25. Qxe6
Rxe6 26. a3 f6 27. gxf6 Rxf6 28. Rac1 Na6 29. Nd7 Rg6+ 30. Kf2 Be7 31. Ne5 Bh4+
32. Kf1 Rg3 33. Bf2 Rxh3 34. Kg2 1-0

[Event "31st open TETEVEN"]
[Site "Teteven"]
[Date "2016.08.14"]
[Round "2.4"]
[White "Dokuzov, Yaroslav"]
[Black "Badev, Kiril"]
[Result "1/2-1/2"]
[WhiteElo "1893"]
[BlackElo "2292"]
[PlyCount "104"]
[EventDate "2016.08.13"]
[EventType "swiss"]
[EventRounds "9"]
[EventCountry "BUL"]

1. d4 c5 2. Nf3 cxd4 3. Nxd4 Nf6 4. c4 e6 5. Nc3 a6 6. g3 Qc7 7. e3 Be7 ({RR} 
7... b6 8. Bg2 Bb7 9. Bxb7 Qxb7 10. O-O d6 11. Qe2 Nbd7 12. b3 Be7 13. Bb2 O-O
{1/2 Blagojevic,D (2537)-Sax,G (2511)/Kallithea 2002/CBM 092}) ({RR} 7... Nc6
8. Bd2 b6 9. Be2 Bb7 10. O-O Be7 11. Rc1 O-O 12. Bf3 Nxd4 13. Bxb7 Qxb7 14.
exd4 Rac8 15. b3 d5 16. Qf3 Rfd8 17. Bg5 h6 18. Bxf6 Bxf6 19. Rfd1 Bg5 20. Rc2
Rd7 21. h4 Be7 22. Ne2 {
Almeida Saenz,A (2334)-Cruz,C (2547)/Brownsville 2015/CBM 165 Extra/1/2 (94)})
8. Qe2 Nc6 9. Bg2 Ne5 $146 ({RR} 9... Na5 10. Bf1 ({RR} 10. b3 d5 11. Rb1 O-O
12. O-O e5 13. Nc2 dxc4 14. bxc4 Nxc4 15. Nb4 Nb6 16. Ncd5 Nbxd5 17. Nxd5 Nxd5
18. Bxd5 Rb8 19. Bb2 Bd6 20. Rfd1 Qe7 21. Qd3 Bg4 22. f3 Bh5 23. g4 Bg6 24. e4
h5 {Pileckis,E (2438)-Schlosser,P (2575)/Pardubice 2010/CBM 137 Extra/0-1 (45)}
) 10... b6 11. e4 Bb7 12. Bd2 Rc8 13. b3 Nxe4 14. Nxe4 f5 15. Bg2 fxe4 16. Bxe4
Bf6 17. Bc3 Bxe4 18. Qxe4 Nxc4 19. Rc1 Qe5 20. Qxe5 Nxe5 21. Ke2 Kf7 22. Rhd1
d5 23. Bb4 Nd7 24. Nc6 {
Krejci,J (2153)-Dvorak,A (2119)/Czechia 2014/EXT 2015/0-1 (46)}) 10. b3 d5 11.
f4 Ned7 12. Bb2 dxc4 13. bxc4 O-O 14. O-O Nb6 15. Rfc1 Bc5 16. Ne4 Nxe4 17.
Bxe4 Na4 18. Bxh7+ Kxh7 19. Qc2+ f5 20. Qxa4 e5 21. fxe5 Qxe5 22. Re1 b5 23.
Qc2 bxc4 24. Nf3 Bxe3+ 25. Kg2 Qc5 26. Bxg7 Re8 27. Qc3 Bb7 28. Rf1 Re7 29. Bf6
Re6 30. Rae1 Rae8 31. Kh3 Bxf3 32. Rxf3 Kg6 33. Bh8 Qf8 34. Rfxe3 Qxh8+ 35.
Qxh8 Rxh8+ 36. Kg2 Rxe3 37. Rxe3 Kf6 38. Re2 a5 39. Kf3 Rc8 40. h4 a4 41. Kf2
f4 42. gxf4 Kf5 43. Ke3 Re8+ 44. Kd2 Rxe2+ 45. Kxe2 Kxf4 46. Kd2 Kg4 47. Kc3
Kxh4 48. Kxc4 Kg5 49. Kb4 Kf6 50. Kxa4 Ke7 51. Kb5 Kd7 52. Kb6 Kc8 1/2-1/2

[Event "31st open TETEVEN"]
[Site "Teteven"]
[Date "2016.08.14"]
[Round "2.5"]
[White "Fil, Alkim Alper"]
[Black "Yordanov, Lachezar"]
[Result "0-1"]
[WhiteElo "1873"]
[BlackElo "2267"]
[PlyCount "82"]
[EventDate "2016.08.13"]
[EventType "swiss"]
[EventRounds "9"]
[EventCountry "BUL"]

1. b3 d5 2. Bb2 e6 3. e3 Nf6 4. Nf3 Be7 5. Be2 O-O 6. O-O Nbd7 7. d4 c5 8. Nbd2
b6 9. Ne5 Bb7 10. f4 Ne4 $146 ({RR} 10... Rc8 11. Rc1 cxd4 12. exd4 Ne4 13.
Nxe4 dxe4 14. Nxd7 Qxd7 15. c4 f5 16. Qd2 Bf6 17. Qe3 Rfd8 18. Rcd1 Qe7 19. g4
g6 20. g5 Bg7 21. h4 h6 22. Kf2 hxg5 23. hxg5 Kf7 24. Rh1 Rh8 25. Bc3 {
Winz,V-Najdorf,M/Mar del Plata 1941/HCL/1/2 (46)}) 11. c4 Nxe5 12. dxe5 Nxd2
13. Qxd2 dxc4 14. Rfd1 cxb3 15. axb3 Bd5 16. Qc2 Qc8 17. e4 Bb7 18. f5 Rd8 19.
Bg4 b5 20. Rxd8+ Bxd8 21. f6 Qc6 22. Bf3 Bb6 23. Kh1 Rd8 24. Qf2 Qe8 25. Qg3
Qf8 26. Bc1 g6 27. Qh4 c4 28. bxc4 bxc4 29. Bh6 Qb4 30. Bf4 c3 31. Qh6 Qf8 32.
Qg5 c2 33. h4 h6 34. Qg3 Qc5 35. Rf1 Ba6 36. Rc1 Rd1+ 37. Kh2 Rxc1 38. Bxc1
Qg1+ 39. Kh3 Qxc1 40. Bh5 Qh1+ 41. Kg4 Be2+ 0-1

[Event "31st open TETEVEN"]
[Site "Teteven"]
[Date "2016.08.14"]
[Round "2.6"]
[White "Janev, Pavel"]
[Black "Dimitrov, Ivan"]
[Result "1-0"]
[WhiteElo "2254"]
[BlackElo "1881"]
[PlyCount "63"]
[EventDate "2016.08.13"]
[EventType "swiss"]
[EventRounds "9"]
[EventCountry "BUL"]

1. e4 c5 2. Nf3 e6 3. b4 b6 4. Bb2 ({RR} 4. bxc5 bxc5 5. Na3 ({RR} 5. Nc3 Nc6
6. Rb1 Nf6 7. Bc4 Be7 8. O-O O-O 9. d3 d6 10. Bg5 h6 11. Bd2 Nd7 12. Ne2 Qc7
13. a4 Rb8 14. Rxb8 Qxb8 15. a5 Qc7 16. Qa1 a6 17. Nf4 Bf6 18. Qa4 Nde5 19.
Nxe5 dxe5 {
Kozachenko,A (2014)-Gabrielian,A (2554)/Taganrog 2015/CBM 164 Extra/0-1}) 5...
Bb7 6. e5 Ne7 7. h4 Nf5 8. Bd3 Bd5 9. c4 Bxf3 10. Qxf3 Nc6 11. Bb2 Nfd4 12.
Bxd4 cxd4 13. Be4 Rc8 14. Bxc6 dxc6 15. Nc2 d3 16. Ne3 Qd4 17. O-O Qxe5 18.
Rfe1 Bd6 {Williams,S (2461)-Delchev,A (2648)/London 2013/CBM 157 Extra/0-1 (34)
}) 4... Nf6 $146 ({RR} 4... Bb7 5. d3 cxb4 6. Be2 d5 7. exd5 Qxd5 8. O-O Nf6 9.
a3 Nbd7 10. Qd2 a5 11. axb4 Bxb4 12. c3 Bd6 13. Na3 Nc5 14. Rab1 Rd8 15. Nc4
Bc7 16. d4 Nce4 17. Qc2 O-O 18. Ba3 Rfe8 19. Nxb6 {
Gallart Zafra,J (2226)-Collins,S (2459)/Barcelona 2012/CBM 150 Extra/0-1 (38)})
5. e5 Nd5 6. bxc5 bxc5 7. Nc3 Nxc3 8. Bxc3 Nc6 9. Rb1 Be7 10. Bd3 O-O 11. h4 f5
12. exf6 Bxf6 13. Ng5 h6 14. Nh7 Bxc3 15. Nxf8 Bxd2+ 16. Qxd2 Qxf8 17. O-O d5
18. Qe3 c4 19. Be2 e5 20. f4 e4 21. c3 Be6 22. f5 Bf7 23. f6 g6 24. Rb7 Re8 25.
Rc7 Ne5 26. Rxa7 h5 27. a4 Rb8 28. Re7 Nc6 29. Rc7 Ne5 30. Qg5 Ng4 31. Bxg4
hxg4 32. h5 1-0